000 00353nam a22001457a 4500
999 _c257633
_d257632
003 OSt
005 20250212105059.0
008 190625b xxu||||| |||| 00| 0 eng d
020 _a9780349010335
040 _cN/A
100 _aZora Neale Hurston
245 _aTheir Eyes Were Watching God
260 _aUSA
_c (May 3, 2018)
_bVirago
942 _2lcc
_cBK